El nuevo Código Civil y Comercial de la Nación y la lex mercatoria (Registro nro. 31614)

Detalles MARC
000 -LEADER
fixed length control field 00370 a2200109 4500
001 - CONTROL NUMBER
control field ART_36745
005 - DATE AND TIME OF LATEST TRANSACTION
control field 20260410162005.0
008 - FIXED-LENGTH DATA ELEMENTS--GENERAL INFORMATION
fixed length control field 260409a
100 1# - MAIN ENTRY--PERSONAL NAME
Personal name Feldstein de Cárdenas, Sara L.
245 10 - TITLE STATEMENT
Title El nuevo Código Civil y Comercial de la Nación y la lex mercatoria
773 0# - HOST ITEM ENTRY
Title Temas de derecho civil
Related parts - Año 2, Nº 2 (feb. 2016)
Record control number REV34778

No hay ítems disponibles.